| 000 | 00850cgm a2200253 4500 | ||
|---|---|---|---|
| 001 | J596 | ||
| 008 | 090401t1991 xxu||||| |||| 00| 0 eng d | ||
| 035 | _a(Sirsi) u75664 | ||
| 041 | _aeng | ||
| 050 | _a333.337072 | ||
| 100 | _aFeenan, Rosemary | ||
| 245 | _aCommercial property research (sound recording). | ||
| 260 |
_aLondon _bRICS _c1991 |
||
| 300 | _a1 sound cassette (60 min.) | ||
| 350 | _a0 | ||
| 490 | _aOwlion Audio Programme | ||
| 520 | _aAn exposition of the meaning, application and value of this young discipline that utilises modern techniques to give a broad appreciation of all forms of property. | ||
| 650 | _aAUDIO CASSETTES | ||
| 690 | _aPROPERTY-COMMERCIAL PROPERTY | ||
| 710 |
_aRoyal Institution of Chartered Surveyors _94900 |
||
| 710 |
_aCollege of Estate Management _9400 |
||
| 942 | _n0 | ||
| 948 | _c04/03/1997 | ||
| 999 |
_c85339 _d85339 |
||